Open Data Biblioteca Nacional de Portugal


República Portuguesa: Ministério da Cultura
Biblioteca Nacional de Portugal

Catálogo da BNP: acesso por Identificadores Unívocos
Registos Bibliográficos associados ao registo de autoridade

Etiqueta de registo: 00254ncm 2200025 450
001 2156142
003 http://id.bnportugal.gov.pt/bib/catbnp/2156142
010 ## $a978-989-33-5395-0
021 ## $aPT$b524402/23
100 ## $a20240209d2023 m y0pory01030103ba
101 0# $apor
102 ## $aPT
106 ## $ar
200 1# $aTudo o que respira louve o Senhor$bMúsica impressa]$fManuel Correia Fernandes$garranjos musicais Bruno Ferreira... [et al.]
210 #9 $aPorto$cCoro Litúrgico de Santa Cecília,$d2023
215 ## $aPartituras (99 p.)$d30 cm
500 1# $aCânticos,$rVV, org
606 ## $aCânticos religiosos$x[Música impressa]$2SIPOR$31694302
606 ## $aMúsica para canto e órgão$2SIPOR$31175118
675 ## $a78.089.6$vBN$zpor$3536969
675 ## $a784$vBN$zpor$3295834
675 ## $a786.6$vBN$zpor$3388858
700 #1 $aFernandes,$bManuel Correia,$f1940-$3146218
702 #1 $aFerreira,$bBruno,$f1984-$4030$31906429
801 #0 $aPT$bBN$gRPC
900 ## $aBIBNAC$d20240209
966 ## $lBN$mMUSICA$sM.P. 3792 V.$x1
966 ## $lBN$mMUSICA$sM.P. 3792 V.-D $x1
971 ## $csmariza$d20240209
972 ## $e0$z0$d20240314$vigoncalves

Etiqueta de registo: 00254nam 2200025 450
001 2286022
003 http://id.bnportugal.gov.pt/bib/catbnp/2286022
021 ## $aPT$b561176/26
100 ## $a20260508d2026 m y0pory01030103ba
101 0# $apor
102 ## $aPT
105 ## $aa b 000yy
106 ## $ar
200 1# $aMeu Cristo$fPaulo Neves$gtextos Pedro Ventura, Bruno Ferreira
210 #9 $a[S.l.]$cProef,$dD.L. 2026
215 ## $a77, [1] p.$cil.$d25 cm
702 #1 $aNeves,$bPaulo,$f1959-$4040$31903763
702 #1 $96$aVentura,$bPedro$4070$31997989
702 #1 $aFerreira,$bBruno,$f1984-$4070$31906429
801 #0 $aPT$bBN$gRPC
966 ## $lBN$mFGMON$x1
966 ## $lBN$mFGMON$x1
971 ## $cssilva$d20260508

OpendataBNP@bnportugal.pt | Mais informação sobre acesso aos dados BNP